Quaternary alluvial deposits of the North Kinta Valley, Perak /
Saved in:
| Main Author: | |
|---|---|
| Format: | Thesis Book |
| Language: | English |
| Published: |
1969.
|
| Subjects: | |
| Tags: |
Add Tag
No Tags, Be the first to tag this record!
|
| LEADER | 01039cam a2200289 a 4500 | ||
|---|---|---|---|
| 001 | u155228 | ||
| 003 | SIRSI | ||
| 008 | 920423s1969 my ab at 00 1 eng m | ||
| 035 | |a AAS-4303 | ||
| 040 | |a UMM | ||
| 043 | |a a-my-pe | ||
| 090 | |a QE699 |b Pan | ||
| 091 | |a Microfilm 867.1 | ||
| 100 | 1 | 0 | |a Panchatcharasivam, S. |
| 245 | 1 | 0 | |a Quaternary alluvial deposits of the North Kinta Valley, Perak / |c S. Panchatcharasivam. |
| 260 | |c 1969. | ||
| 300 | |a x, 170 leaves : |b ill., maps (part fold. in pocket) ; |c 28 cm. | ||
| 500 | |a Mimeographed. | ||
| 500 | |a Microfilm. Kuala Lumpur : University of Malaya Library, 1970. 1 reel : negative ; 35 mm. | ||
| 502 | |a Dissertation (M.Sc.) -- Fakulti Sains, Universiti Malaya, 1969. | ||
| 504 | |a Bibliography: leaves 166-170. | ||
| 650 | 0 | |a Alluvium. | |
| 650 | 0 | |a Geology, Stratigraphic |y Quaternary. | |
| 650 | 0 | |a Geology |z Perak |z Lembah Kinta. | |
| 948 | |a 23/04/1992 |b 18/06/2002 | ||
| 596 | |a 1 | ||
| 999 | |a QE699 PAN |w LC |c 1 |i A002576047 |d 13/8/2010 |e 13/8/2010 |l STACKS |m P01UTAMA |n 1 |r Y |s Y |t TESIS |u 23/4/1992 | ||
